|
|
|
|
| LEADER |
01661nam a2200361 u 4500 |
| 001 |
10023273 |
| 003 |
upatras |
| 005 |
20210117205746.0 |
| 008 |
990123s1988 us eng |
| 040 |
|
|
|a GR-PaULI
|c GR-PaULI
|
| 041 |
0 |
|
|a eng
|
| 082 |
0 |
4 |
|a 611.018 1
|
| 245 |
1 |
0 |
|a Neuroreceptors and signal transduction
|c edited by Shozo Kito, Tomio Segawa, Kinya Kuriyama ... [et al.]
|
| 260 |
|
|
|a New York
|b Plenum Press
|c 1988
|
| 300 |
|
|
|a ix, 367 p.
|b phot.
|c 26 cm.
|
| 490 |
0 |
|
|a Advances in experimental medicine and biology
|v 236
|
| 650 |
|
4 |
|a Υποδοχείς νευροδιαβιβαστών
|9 29424
|
| 650 |
|
4 |
|a Νευροφυσιολογία
|9 513
|
| 650 |
|
4 |
|a Νευροδιαβιβαστές
|9 9633
|
| 700 |
1 |
|
|a Kito, Shozo
|9 149156
|
| 700 |
1 |
|
|a Segawa, Tomio
|9 110758
|
| 700 |
1 |
|
|a Kuriyama, Kinya
|9 149157
|
| 760 |
1 |
|
|a Advances in experimental medicine and biology
|g 236
|
| 852 |
|
|
|a GR-PaULI
|b ΠΑΤΡΑ
|t 1
|
| 852 |
|
|
|a GR-PaULI
|b ΠΑΤΡΑ
|b ΒΚΠ
|b ΒΣ1
|k ΑΣΧΞ
|h 611.018 1 K
|m 045615
|p 025000059112
|t 1
|
| 852 |
|
|
|a GR-PaULI
|b ΠΑΤΡΑ
|b ΒΚΠ
|b ΒΣ1
|k ΑΣΧΞ
|h 611.018 1 KIT
|m 045614
|p 025000059111
|t 2
|
| 942 |
|
|
|2 ddc
|
| 952 |
|
|
|0 0
|1 0
|4 0
|7 0
|9 189729
|d 2016-04-24
|l 0
|r 2016-04-24 00:00:00
|t 1
|w 2016-04-24
|
| 952 |
|
|
|0 0
|1 0
|4 0
|6 611_018000000000000_1_K
|7 0
|9 189730
|a LISP
|b LISP
|c BSC
|d 2016-04-24
|i 045615
|l 0
|o 611.018 1 K
|p 025000059112
|r 2016-04-24 00:00:00
|t 1
|w 2016-04-24
|y BK15
|
| 952 |
|
|
|0 0
|1 0
|4 0
|6 611_018000000000000_1_KIT
|7 0
|9 189731
|a LISP
|b LISP
|c BSC
|d 2016-04-24
|i 045614
|l 0
|o 611.018 1 KIT
|p 025000059111
|r 2016-04-24 00:00:00
|t 2
|w 2016-04-24
|y BK15
|
| 998 |
|
|
|c ΟΡΦΑΝΟΥ
|d 1999-07
|
| 998 |
|
|
|c ΣΥΨΑ
|d 1999-07
|
| 999 |
|
|
|c 116858
|d 116858
|